000 00417pam a2200157a 44500
008 230405s1995 xxu||||| |||| 00| 0 eng d
041 _aENG
100 _aDESAI S S
245 _aNIRALIS TEXT BOOK OF AGRI - BUSINESSMANAGEMENT
250 _a1 Ed.
260 _aPUNE
_bFURIA OF NIRALI PRAKASHAN
_c1995
300 _a174p.
440 _aNIRAL BOOK CENTRE, PUNE, B-3633
700 _aHBHALERAONIRMAL
906 _a973
999 _c289851
_d289851